Score 0/6 Timer 01:00
0 Plays Today
Continent City % Correct
North AmericaMexico City
96.8%
EuropeIstanbul-Moscow
94.4%
AfricaCairo
93.6%
OceaniaSydney
92.8%
AsiaShanghai
91.2%
South AmericaSao Paulo
89.6%
Remove Ads.
Support Sporcle.
Get the best of Sporcle when you Go Orange. This ad-free experience offers more features, more stats, and more fun while also helping to support Sporcle. Thank you for becoming a member.

You're not logged in!

Compare scores with friends on all Sporcle quizzes.
OR
Log In

Show Comments

Extras

Top Quizzes Today


Score Distribution

Your Account Isn't Verified!

In order to create a playlist on Sporcle, you need to verify the email address you used during registration. Go to your Sporcle Settings to finish the process.

Report this User

Report this user for behavior that violates our Community Guidelines.

Details: